| 000 | 00906nam a2200265 i 4500 | ||
|---|---|---|---|
| 001 | 48854 | ||
| 003 | ES-MaACL | ||
| 005 | 20230906161832.0 | ||
| 007 | t| | ||
| 008 | 030701s1984 fr ||||1| fre d | ||
| 020 | _a2-7116-8248-X | ||
| 100 | 1 |
_aCordero, Nestor-Luis. _940513 |
|
| 245 | 1 | 4 |
_aLes deux chemins de Parménide / _cédition critique, traduction, études et bibliographie par Nestor-Luis Cordero. |
| 260 |
_aParis : _bJ. Vrin ; _aBruxelles : _bOusia, _c1984. |
||
| 300 |
_a292 p. ; _c21 cm. |
||
| 490 | 1 | _aBibliothèque d'histoire de la philosophie | |
| 490 | 1 |
_aCahiers de philosophie ancienne ; _v2 |
|
| 500 | _aIndice. | ||
| 504 | _aBibliografía. | ||
| 600 | 0 | 4 |
_aParménides. _989198 |
| 830 | 0 |
_aBibliothèque d'histoire de la philosophie _9177275 |
|
| 830 | 0 |
_aCahiers de philosophie ancienne ; _v2 _9228467 |
|
| 852 |
_aES-MaACL _jB-2022 _bR.113810 |
||
| 999 |
_c48854 _d48854 |
||